| 000 | 00840nam a2200289 c 4500 | ||
|---|---|---|---|
| 003 | BLK | ||
| 005 | 20180420234305.0 | ||
| 008 | 180410b bul|||||r ||||||| ||bul|| | ||
| 010 | _aKNG00163087000 | ||
| 020 |
_a1-85326-055-X _bиздат.: Wordsworth |
||
| 040 | _aBLK | ||
| 041 |
_aENG _cENG |
||
| 080 |
_aАнглийска литература _b821.111 _x-2 _z821.111-2 |
||
| 100 | 1 |
_aShakespeare, William _eпърви автор _924252 |
|
| 139 |
_aShakespeare, William _bS 53 |
||
| 245 | 1 | 0 |
_aRichard III _cWilliam Shakespeare. |
| 257 | _aGBR | ||
| 260 |
_аHertfordshire _bWordsworth _c1993 |
||
| 300 |
_a166 c. _c18 см |
||
| 380 | _aX | ||
| 490 | 1 | _aWordsworth classics | |
| 852 | _aЦб І 27082 | ||
| 856 | 4 |
_qpdf _u |
|
| 856 | 4 |
_qpdf _u |
|
| 942 |
_cKNG _n0 |
||
| 944 |
_aCR _c16.07.2014 _kПенка_Димитрова |
||
| 944 |
_aED _c04.09.2014 _k |
||
| 999 |
_c156284 _d156284 |
||